00457nam a2200181 a 4500001001300000003000900013005001700022008004100039020001000080082001300090100001500103245004400118260004400162300000900206500003500215505001000250700001500260nice12345678IN_TiNIC20260116011904.0050524s1928 alla grp 000 0 eng  ac10000a201bLUC aLucas, J J aMemoir of Rev. Robert Steward Fullerton aAllahabadbChristian Lit. Societyc1928 a268p aincludes index and biblioraphy2 aIndex1 aLucas, J J